00000000nam 2200000zi 4500
0019.946321
003CaOODSP
00520251103145458
006m     o  d f      
007cr cn ||||||||
008241218s2024    onca    ob   f000 0 fre d
020 |a9780660750101
040 |aCaOODSP|bfre|erda|cCaOODSP
043 |aa-ir---
0861 |aD96-125/2024F-PDF
24500|aManipulation ciblée : |bcampagnes de piratage psychologique et de harponnage de l'Iran.
264 1|a[Ottawa] : |bCentre de la sécurité des télécommunications = Communications Security Establishment, |c[2024]
300 |a1 ressource en ligne (12 pages) : |billustrations
336 |atexte|btxt|2rdacontent/fre
337 |ainformatique|bc|2rdamedia/fre
338 |aressource en ligne|bcr|2rdacarrier/fre
500 |aPublié aussi en anglais sous le titre : Targeted manipulation: Iran's social engineering and spear phishing campaigns.
500 |a« Unclassified / Non Classifié//TLP:Clear. »
504 |aComprend des références bibliographiques (pages 11-12).
520 |a« Le présent rapport concerne la menace que représentent les campagnes de pirate psychologique et de harponnage menées par des auteurs de menace parrainés par l’Iran. Il s’adresse aux spécialistes et aux gens qui Ĺ“uvrent dans des domaines d’intérêt stratégique pour l’Iran, aux spécialistes de la cybersécurité et aux non-spécialistes qui s’intéressent à la cybersécurité » -- À propos de ce rapport, page 2.
650 6|aHameçonnage|zIran.
7102 |aCentre de la sécurité des télécommunications (Canada), |eorganisme de publication.
7102 |aCentre canadien pour la cybersécurité, |eorganisme de publication.
77508|tTargeted manipulation : |w(CaOODSP)9.946322
85640|qPDF|s579 Ko|uhttps://publications.gc.ca/collections/collection_2025/cstc-csec/D96-125-2024-fra.pdf
8564 |qHTML|sS.O.|uhttps://www.cyber.gc.ca/fr/orientation/manipulation-ciblee-campagnes-piratage-psychologique-harponnage-liran